000 00401nam a22001217a 4500
003 SGT
082 _a200
_bS16R
100 _aराठौर, हनुमान सिंह
245 _aसवा लाख से एक लड़ाऊँ
260 _bअखिल भारतीय राष्ट्रीय शैक्षिक महासंघ
_c2016
300 _a160
942 _2ddc
_cBK
999 _c31707
_d31707